| 000 | 00918nam a2200253 u 4500 | ||
|---|---|---|---|
| 001 | 000024300 | ||
| 005 | 20250621074007.0 | ||
| 008 | 100806s2004 dr r 000 0 spa d | ||
| 020 | _a9993431168 | ||
| 040 |
_aDO-SdBNP _bspa _cBNPHU |
||
| 082 |
_a972.9304 _bD356p |
||
| 245 | 0 | 0 |
_aEugenio Dechamps : _bpolítico y periodista / _cCompilador Julio Jaime Julia. |
| 260 |
_aSanto Domingo : _bBiblioteca Nacional Pedro Henríquez Ureña, _c2004. |
||
| 300 | _a686 p. | ||
| 490 | 1 | _aPeriodismo | |
| 500 | _aIncluye datos biográficos del autor en las solapas | ||
| 500 | _aIncluye notas al pie de las páginas | ||
| 600 | 1 | 4 |
_aDESCHAMPS, EUGENIO, _y1844-1930 _949872 |
| 650 | 4 |
_aPeriodismo _zRepública Dominicana _936 |
|
| 651 | 0 |
_aRepública Dominicana _xPolítica y gobierno _945 |
|
| 700 | 1 | 2 |
_aJulia, Julio Jaime _d1922-1993 _ecomp. _920185 |
| 830 | 4 |
_aPeriodismo _949873 |
|
| 910 | _aValidado. Control de calidad MFF | ||
| 999 |
_c23793 _d23793 |
||